| Tag |
First Indicator |
Second Indicator |
Subfields |
| LEADER |
00000nam a2200000 4500 |
| 001 |
in00004176607 |
| 005 |
20200807083511.0 |
| 006 |
m g d |
| 007 |
cr bn |||a|bb| |
| 008 |
930517s1603 enk o 00| | eng d |
| 035 |
|
|
|a (UnM)99857645
|
| 037 |
|
|
|a CL0036000036
|b ProQuest. 789 E. Eisenhower Parkway, Ann Arbor, MI 48108-3218
|
| 040 |
|
|
|a Cu-RivES
|c Cu-RivES
|d CStRLIN
|e dcrb
|d WaOLN
|
| 100 |
0 |
|
|a Learned phisition.
|
| 240 |
1 |
0 |
|a Good councell against the plague
|
| 245 |
1 |
0 |
|a Present remedies against the plague :
|b Shewing sundrye preseruatiues for the same, by wholsome fumes, drinkes, vomits and other inward receits; as also the perfect cure (by implaisture) of any that are therewith infected. Now necessary to be obserued of euery housholder, to auoide the infection, lately begun in some places of this cittie. Written by a learned physition, for the health of his countrey.
|
| 246 |
2 |
|
|a Good councell against the plague.
|
| 246 |
2 |
|
|a Good counsell against the plague.
|
| 260 |
|
|
|a [London] :
|b Printed [by William Jaggard?] for Thomas Pauyer, and are to be sold at his shop at the entrance into the Exchange,
|c 1603.
|
| 300 |
|
|
|a 1 online resource ([16] pages)
|
| 336 |
|
|
|a text
|b txt
|2 rdacontent
|
| 337 |
|
|
|a computer
|b c
|2 rdamedia
|
| 338 |
|
|
|a online resource
|b cr
|2 rdacarrier
|
| 500 |
|
|
|a Originally published in 1592 as: Good councell against the plague.
|
| 500 |
|
|
|a Printer's name conjectured by STC.
|
| 500 |
|
|
|a Signatures: A-B⁴.
|
| 500 |
|
|
|a The first leaf is blank except for signature-mark "A".
|
| 500 |
|
|
|a Running title reads: good counsell against the plague.
|
| 500 |
|
|
|a Identified as STC 20868 on UMI microfilm.
|
| 500 |
|
|
|a Reproduction of the original in Cambridge University Library.
|
| 510 |
4 |
|
|a STC (2nd edition)
|c 5871.7.
|
| 533 |
|
|
|a Electronic reproduction.
|b Ann Arbor, Mich. :
|c UMI,
|d 1999-
|f (Early English books online)
|n Digital version of: (Early English books, 1475-1640 ; 1332:6)
|7 s1999 miun s
|
| 650 |
|
0 |
|a Plague
|x Prevention
|v Early works to 1800.
|
| 650 |
|
0 |
|a Plague
|x Treatment
|v Early works to 1800.
|
| 830 |
|
0 |
|a Early English books online.
|
| 856 |
4 |
0 |
|u http://proxy.library.tamu.edu/login?url=https://search.proquest.com/docview/2240900724
|z Connect to the full text of this electronic book
|t 0
|
| 999 |
f |
f |
|s b1b6848a-a5f9-36fa-aa08-da36d11b5305
|i 50daa96b-30e2-3a80-88d2-d556d1a7b6f4
|t 0
|
| 952 |
f |
f |
|a Texas A&M University
|b College Station
|c Electronic Resources
|d Available Online
|t 0
|h No information provided
|
| 998 |
f |
f |
|t 0
|l Available Online
|